Satunnaisia Maailman Lippuja #1 - Statistics

Yleistilastot
  • Tätä visaa on pelattu 37 kertaa
  • Keskiarvotulos 12 / 16
Vastaustilastot
Kuvavisa Vastaus % Oikein
Liettua
93%
Pohjois korea
93%
Montenegro
90%
andorra
87%
Burundi
87%
Lesotho
83%
Azerbaidzan
80%
Afghanistan
77%
Mali
77%
Bahama
73%
Norsunluu rannikko
73%
Grenada
70%
Hollanti
67%
Gabon
60%
Kongo
57%
Vanuatu
57%
Ehtoja vastaavia visoja ei löytynyt
Tulosjakauma
Jokaisen tuloksen saaneiden osuus
Persentiili vastausten määrän mukaan
Tuloshistoriasi
Et ole pelannut tätä visaa